Menjejaki Kasih Leluhur / (Record no. 188209)

MARC details
000 -LEADER
fixed length control field 00938nam a2200289 i 4500
003 - CONTROL NUMBER IDENTIFIER
control field OSt
005 - DATE AND TIME OF LATEST TRANSACTION
control field 20220706131549.0
008 - FIXED-LENGTH DATA ELEMENTS--GENERAL INFORMATION
fixed length control field 220705s2021 my gr 000 1 may
020 ## - INTERNATIONAL STANDARD BOOK NUMBER
International Standard Book Number 9789672891260
Qualifying information paperback
Terms of availability RM15.00
040 ## - CATALOGING SOURCE
Original cataloging agency PPAK
Language of cataloging eng
Transcribing agency PPAK
Description conventions rda
082 04 - DEWEY DECIMAL CLASSIFICATION NUMBER
Classification number 808.882
Edition number 23
090 00 - LOCALLY ASSIGNED LC-TYPE CALL NUMBER (OCLC); LOCAL CALL NUMBER (RLIN)
Classification number (OCLC) (R) ; Classification number, CALL (RLIN) (NR) 808.882
Feature heading MEN
Feature heading K
245 10 - TITLE STATEMENT
Title Menjejaki Kasih Leluhur /
Statement of responsibility, etc. Penyelenggara: ADILAH BINTI ABBAS ; Penyelenggara bersama: JUNAIDAH BINTI MD YUSOH.
264 #1 - PRODUCTION, PUBLICATION, DISTRIBUTION, MANUFACTURE, AND COPYRIGHT NOTICE
Place of production, publication, distribution, manufacture Ayer Keroh, Melaka :
Name of producer, publisher, distributor, manufacturer SYFE - WACANA MBM
Date of production, publication, distribution, manufacture, or copyright notice 2021
300 ## - PHYSICAL DESCRIPTION
Extent 87 pages ;
Dimensions 22 cm
336 ## - CONTENT TYPE
Content type term text
Source rdacontent
337 ## - MEDIA TYPE
Media type term unmediated
Source rdamedia
338 ## - CARRIER TYPE
Carrier type term volume
Source rdacarrier
490 1# - SERIES STATEMENT
Series statement Antologi Cerpen Kanak-kanak
650 10 - SUBJECT ADDED ENTRY--TOPICAL TERM
Topical term or geographic name entry element Anecdotes
Topical term or geographic name entry element Children's stories
Topical term or geographic name entry element Creative writing
700 0# - ADDED ENTRY--PERSONAL NAME
Personal name Adilah binti Abbas,
Relator term organizer.
Personal name Junaidah binti Md Yusoh,
Relator term organizer.
830 #0 - SERIES ADDED ENTRY--UNIFORM TITLE
Uniform title Antologi Cerpen Kanak-kanak
942 ## - ADDED ENTRY ELEMENTS (KOHA)
Source of classification or shelving scheme Dewey Decimal Classification
Koha item type Book
Holdings
Withdrawn Not for loan Current library Shelving location Date acquired Total Checkouts Full call number Barcode Date last seen Date last checked out Koha item type Total Renewals
    Perpustakaan Alor Setar Pinjaman Kanak-kanak 07/08/2022 3 K 808.882 MEN A01736971 21/12/2024 30/11/2024 Book  
    Perpustakaan Awam Sungai Petani Pinjaman Kanak-kanak 07/08/2022 3 K 808.882 MEN A01736972 12/04/2025 09/03/2025 Book 1
    Perpustakaan Baling Pinjaman Kanak-kanak 07/08/2022   K 808.882 MEN A01736976 07/08/2022   Book  
    Perpustakaan Bandar Baharu Pinjaman Kanak-kanak 07/08/2022   K 808.882 MEN A01736977 07/08/2022   Book  
    Perpustakaan Jitra Pinjaman Kanak-kanak 07/08/2022 1 K 808.882 MEN A01736973 10/06/2023 18/04/2023 Book 1
    Perpustakaan Kuala Nerang Pinjaman Kanak-kanak 07/08/2022   K 808.882 MEN A01736981 07/08/2022   Book  
    Perpustakaan Kulim Pinjaman Kanak-kanak 07/08/2022   K 808.882 MEN A01736975 07/08/2022   Book  
    Perpustakaan Langkawi Pinjaman Kanak-kanak 07/08/2022   K 808.882 MEN A01736974 07/08/2022   Book  
    Perpustakaan Merbok Pinjaman Kanak-kanak 07/08/2022   K 808.882 MEN A01736978 07/08/2022   Book  
    Perpustakaan Pendang Pinjaman Kanak-kanak 07/08/2022   K 808.882 MEN A01736982 07/08/2022   Book  
    Perpustakaan Sik Pinjaman Kanak-kanak 07/08/2022   K 808.882 MEN A01736980 07/08/2022   Book  
    Perpustakaan Yan Pinjaman Kanak-kanak 07/08/2022   K 808.882 MEN A01736979 07/08/2022   Book  
    PD01, Kg. Bendang Raja, Kuala Nerang Pinjaman Kanak-kanak 07/08/2022   K 808.882 MEN A01736984 07/08/2022   Book  
    PD04, Kg. Bukit Nambua, Kuala Nerang Pinjaman Kanak-kanak 07/08/2022   K 808.882 MEN A01736985 07/08/2022   Book  
    PD06, Kg. Kepala Bukit, Pendang Pinjaman Kanak-kanak 07/08/2022   K 808.882 MEN A01736986 07/08/2022   Book  
    T-PD26, Kg. Lubuk Batu, Jitra Pinjaman Kanak-kanak 07/08/2022   K 808.882 MEN A01736983 07/08/2022   Book